[Event "Australian op"]
[Site "Manly Sydney"]
[Date "2009.01.07"]
[Round "7"]
[White "Jakirlic, Nermin"]
[Black "Svendsen, Peter Willer"]
[Result "0-1"]
[WhiteElo "2162"]
[BlackElo "2007"]
[PlyCount "74"]
[EventDate "2009.01.02"]
[EventType "swiss"]
[EventRounds "11"]
[EventCountry "AUS"]
[SourceTitle "CBM 128 Extra"]
[Source "ChessBase"]
[SourceDate "2009.03.05"]
[SourceVersion "2"]
[SourceVersionDate "2009.03.25"]
[SourceQuality "1"]

1. e4 d6 2. d4 Nf6 3. Nc3 g6 4. f4 Bg7 5. Nf3 0-0 6. Bd3 e5 7. fxe5 dxe5 8. Bg5 exd4 9. Ne2 h6 10. Bh4 g5 11. Bg3 c5 12. h4 g4 13. Nd2 Nh5 14. Bf4 Nc6 15. g3 Ne5 16. 0-0 Ng6 17. Qe1 Be6 18. b3 Qe7 19. a4 Rad8 20. a5 Ne5 21. Bxe5 Bxe5 22. Nf4 Bxf4 23. gxf4 g3 24. Nf3 Bg4 25. Ne5 Qxh4 26. Qd2 Bh3 27. Rf3 Nf6 28. Ra4 Bg4 29. Rf1 Kg7 30. b4 c4 31. Nxc4 Bh3 32. Re1 Ng4 33. Ne5 Nf2 34. Nf3 Qh5 35. Ne5 Bd7 36. Kg2 Bh3+ 37. Kg1 Bg4 0-1

[Event "Australian op"]
[Site "Manly Sydney"]
[Date "2009.01.03"]
[Round "2"]
[White "Canfell, Mike J"]
[Black "Jakirlic, Nermin"]
[Result "1-0"]
[WhiteElo "1931"]
[BlackElo "2162"]
[PlyCount "33"]
[EventDate "2009.01.02"]
[EventType "swiss"]
[EventRounds "11"]
[EventCountry "AUS"]
[SourceTitle "CBM 128 Extra"]
[Source "ChessBase"]
[SourceDate "2009.03.05"]
[SourceVersion "2"]
[SourceVersionDate "2009.03.25"]
[SourceQuality "1"]

1. e4 e5 2. Nf3 Nc6 3. Bb5 f5 4. d3 Qf6 5. Nc3 Nge7 6. 0-0 f4 7. Qe2 d6 8. Nd5 Nxd5 9. exd5 a6 10. dxc6 axb5 11. d4 bxc6 12. dxe5 dxe5 13. Qxe5+ Qxe5 14. Nxe5 Ra4 15. Re1 Be6 16. Nxc6 Kf7 17. Nd8+ 1-0

[Event "Australian op"]
[Site "Manly Sydney"]
[Date "2009.01.02"]
[Round "1"]
[White "Jakirlic, Nermin"]
[Black "Glissan, Paul"]
[Result "1/2-1/2"]
[WhiteElo "2162"]
[BlackElo "1767"]
[PlyCount "94"]
[EventDate "2009.01.02"]
[EventType "swiss"]
[EventRounds "11"]
[EventCountry "AUS"]
[SourceTitle "CBM 128 Extra"]
[Source "ChessBase"]
[SourceDate "2009.03.05"]
[SourceVersion "2"]
[SourceVersionDate "2009.03.25"]
[SourceQuality "1"]

1. e4 e5 2. Nf3 Nc6 3. Bb5 a6 4. Ba4 Nf6 5. 0-0 b5 6. Bb3 Bb7 7. Re1 Bc5 8. c3 d6 9. d4 Bb6 10. a4 h6 11. axb5 axb5 12. Rxa8 Qxa8 13. Na3 Na5 14. dxe5 Ng4 15. Nd4 Nxf2 16. Kxf2 dxe5 17. Qh5 Nxb3 18. Qxe5+ Kf8 19. Naxb5 Nxc1 20. Rxc1 Qd8 21. Rd1 Qh4+ 22. g3 Qxe4 23. Qxe4 Bxe4 24. Re1 Bb7 25. Kf1 g6 26. b4 Kg7 27. Ra1 Ra8 28. Rxa8 Bxa8 29. c4 c5 30. bxc5 Bxc5 31. Nb3 Be3 32. Ke2 Bg1 33. h4 f5 34. Nc7 Bc6 35. Nd4 Bd7 36. Nf3 Bb6 37. Nd5 Bc5 38. Ne5 Bc8 39. Nd3 Bd6 40. Kf2 Bb7 41. Nc3 Kf7 42. c5 Bb8 43. Ne2 Be4 44. Ke3 Ba7 45. Nec1 Ke7 46. Kd4 g5 47. hxg5 hxg5 1/2-1/2

[Event "Australian op"]
[Site "Penrith"]
[Date "2003.01.10"]
[Round "11"]
[White "Jakirlic, Nermin"]
[Black "Wilkins, Michael"]
[Result "0-1"]
[WhiteElo "2170"]
[BlackElo "2274"]
[PlyCount "112"]
[EventDate "2003.01.02"]
[EventType "swiss"]
[EventRounds "11"]
[EventCountry "AUS"]
[SourceTitle "EXT 2004"]
[Source "ChessBase"]
[SourceDate "2003.11.25"]
[SourceVersion "1"]
[SourceVersionDate "2003.11.25"]
[SourceQuality "1"]

1. e4 e5 2. Nf3 Nc6 3. Bb5 a6 4. Ba4 Nf6 5. 0-0 b5 6. Bb3 Nxe4 7. d4 d5 8. c4 dxc4 9. Qe2 Nf6 10. dxe5 Nd5 11. Bc2 Be6 12. Rd1 Bc5 13. Nc3 Nce7 14. Ne4 Bb6 15. Neg5 h6 16. Nxe6 fxe6 17. Nd4 Bxd4 18. Qh5+ Kd7 19. Rxd4 Qe8 20. Qh3 g5 21. Be4 c6 22. Bd2 Qb8 23. Rd1 Qc7 24. Bc3 Rae8 25. Bxd5 Nxd5 26. Rxd5+ cxd5 27. Rxd5+ Ke7 28. Bb4+ Kf7 29. Bd6 Qa5 30. Rd1 Kg7 31. Qf3 Rhg8 32. Qf6+ Kh7 33. Bf8 Qe1+ 34. Rxe1 Rgxf8 35. Rd1 Rxf6 36. exf6 Kg6 37. Rd6 Kxf6 38. Rxa6 Rd8 39. h4 Rd1+ 40. Kh2 Rd2 41. a4 Rxb2 42. axb5 Rxb5 43. Rc6 Rb4 44. g4 Ke5 45. Kg3 Rb3+ 46. f3 Rc3 47. h5 Rc2 48. Rc7 c3 49. f4+ gxf4+ 50. Kf3 Rc1 51. Kg2 Kf6 52. Rc5 c2 53. Kh2 e5 54. Kg2 e4 55. Rf5+ Kg7 56. Rxf4 Rg1+ 0-1

[Event "Sydney Challenge op"]
[Site "Sydney"]
[Date "1999.01.25"]
[Round "1"]
[White "Feldman, Vladimir"]
[Black "Jakirlic, Nermin"]
[Result "1-0"]
[WhiteElo "2330"]
[BlackElo "2190"]
[PlyCount "79"]
[EventDate "1999.01.??"]
[EventType "swiss"]
[EventRounds "6"]
[EventCountry "AUS"]
[SourceTitle "EXT 2000"]
[Source "ChessBase"]
[SourceDate "1999.11.16"]
[SourceVersion "1"]
[SourceVersionDate "1999.11.16"]
[SourceQuality "1"]

1. d4 Nf6 2. c4 g6 3. Nc3 d5 4. cxd5 Nxd5 5. e4 Nxc3 6. bxc3 Bg7 7. Qa4+ Bd7 8. Qa3 0-0 9. Bg5 Re8 10. Nf3 Qc8 11. Be2 e5 12. d5 Bg4 13. h3 Bxf3 14. Bxf3 Nd7 15. 0-0 Bf8 16. Qc1 a5 17. Bg4 h5 18. Be2 a4 19. Qc2 Nc5 20. Be3 c6 21. c4 Qc7 22. Rab1 a3 23. Rfc1 Ra6 24. Bf3 Rea8 25. g3 Ra4 26. Bg2 Bd6 27. f4 exf4 28. gxf4 Bxf4 29. Bxc5 Bxc1 30. Rxc1 cxd5 31. cxd5 b5 32. d6 Qd7 33. e5 Rc8 34. Qf2 Qe6 35. Rd1 Rd8 36. Bd5 Qd7 37. Rf1 b4 38. Qf6 Kh7 39. Bxf7 Rg8 40. Bxg8+ 1-0

[Event "AUS-ch"]
[Site "Melbourne"]
[Date "1997.12.28"]
[Round "1"]
[White "Leskiewicz, Maksymilian"]
[Black "Jakirlic, Nermin"]
[Result "1/2-1/2"]
[WhiteElo "2145"]
[BlackElo "2200"]
[PlyCount "110"]
[EventDate "1997.12.??"]
[EventType "swiss"]
[EventRounds "11"]
[EventCountry "AUS"]
[SourceTitle "EXT 2001"]
[Source "ChessBase"]
[SourceDate "2000.11.22"]
[SourceVersion "1"]
[SourceVersionDate "2000.11.22"]
[SourceQuality "1"]

1. d4 Nf6 2. c4 g6 3. Nc3 d5 4. cxd5 Nxd5 5. e4 Nxc3 6. bxc3 Bg7 7. Bb5+ c6 8. Ba4 b5 9. Bb3 b4 10. Qf3 0-0 11. Ne2 bxc3 12. Qxc3 Ba6 13. Be3 Qc8 14. f3 Bxe2 15. Kxe2 Nd7 16. Qa5 Rb8 17. Rac1 Rb6 18. Rc2 Qb7 19. Rhc1 Nb8 20. d5 Ra6 21. Qc5 Be5 22. g3 Bd6 23. Qc3 Qc7 24. Bd4 Rc8 25. e5 Ba3 26. Rd1 c5 27. Be3 Bb4 28. Qa1 Ra3 29. d6 Qd8 30. e6 Rxb3 31. exf7+ Kxf7 32. axb3 exd6 33. Rc4 a5 34. Rf4+ Kg8 35. Qf6 Qxf6 36. Rxf6 c4 37. bxc4 Rxc4 38. Bh6 Rc8 39. Rc1 Re8+ 40. Kf1 Nd7 41. Rf4 Bd2 42. Rc6 Bxf4 43. Bxf4 Nc5 44. Bxd6 Nd3 45. Rc3 Re1+ 46. Kg2 Re2+ 47. Kf1 Rf2+ 48. Kg1 Rxf3 49. Ra3 Kf7 50. Rxa5 h6 51. Bb8 Re3 52. Ba7 Re2 53. Ra3 Rd2 54. Be3 Rd1+ 55. Kg2 g5 1/2-1/2

[Event "Bad Woerishofen op 13th"]
[Site "Bad Woerishofen"]
[Date "1997.??.??"]
[Round "3"]
[White "Jakirlic, Nermin"]
[Black "Kupreichik, Viktor D"]
[Result "0-1"]
[WhiteElo "2230"]
[BlackElo "2500"]
[PlyCount "76"]
[EventDate "1997.03.07"]
[EventType "swiss"]
[EventRounds "9"]
[EventCountry "GER"]
[SourceTitle "EXT 2000"]
[Source "ChessBase"]
[SourceDate "1999.11.16"]
[SourceVersion "1"]
[SourceVersionDate "1999.11.16"]
[SourceQuality "1"]

1. e4 c5 2. Nf3 d6 3. d4 cxd4 4. Nxd4 Nf6 5. Nc3 Bd7 6. Be2 Nc6 7. 0-0 e6 8. Kh1 Be7 9. Nb3 a6 10. a4 0-0 11. a5 e5 12. f4 exf4 13. Bxf4 Be6 14. Qe1 Bxb3 15. cxb3 Nxa5 16. Rd1 Qb6 17. Qg3 Qxb3 18. Bh6 Ne8 19. Nd5 Bd8 20. Bd3 Qxb2 21. Bd2 Qe5 22. Qe1 Nc6 23. Rf5 Qe6 24. Bc4 Qd7 25. Bc3 Ne7 26. Qg3 Nxf5 27. exf5 Qxf5 28. Rf1 Qg5 29. Qh3 Qh4 30. Qd3 Rc8 31. Rf4 Qh6 32. g3 Nf6 33. Qf1 b5 34. Ba2 Nxd5 35. Bxd5 Bf6 36. Bxf6 gxf6 37. Qb1 Rc5 38. Be4 Rfc8 0-1